000 00477nmm a2200169Ia 4500
008 251105s9999||||xx |||||||||||||||||und||
020 _a9788499407081
041 _aspa
100 _aTezanos, José Félix
245 0 _aJuventud, cultura y educación
264 _a[Madrid, España] :
_bBiblioteca Nueva,
_c2013
300 _a264 páginas
490 _aPerfiles del poder
650 _aSociology
856 _uhttps://public.digitaliapublishing.com/a/45927
942 _cCF
999 _c92763
_d92763